00635nam a22001577a 450000500170000000800410001702000220005805000210008010000240010124500980012526000570022330000200028050000410030065000860034170000500042720260401130347.0260401b |||||||| |||| 00| 0 eng d a978-1-78779-175-6 aRC 66 .H 88 2023 aHOURSTON, GEORGE JM aESSENTIAL CLINICAL EXAMINATIONS FOR FINALS AND MRCS: 35 EXAMINATIONS FOR MEDICINE AND SURGERY aLONDON, bJAYPEE BROTHERS MEDICAL PUBLISHERS,c2023, aXiV, 201 P, ILL aINCLUDES BIBLIOGRAPHICAL REFERENCES  a1. PHYSICAL DIAGNOSIS-EXAMINATIONS, QUESTIONS 2. MEDICINE-EXAMINATIONS, QUESTIONS aKANKAM HADYN KN FOREWORD BY STEPHEN McDONNELL